[Event "Coulsdon Easter-B"]
[Site "Coulsdon"]
[Date "2009.04.15"]
[Round "4"]
[White "Mayhew, Andrew"]
[Black "Calvert, David Ian"]
[Result "1/2-1/2"]
[WhiteElo "2052"]
[BlackElo "2054"]
[PlyCount "67"]
[EventDate "2009.04.13"]
[EventType "tourn"]
[EventRounds "9"]
[EventCountry "ENG"]
[SourceTitle "EXT 2011"]
[Source "ChessBase"]
[SourceDate "2010.11.26"]
[SourceVersion "1"]
[SourceVersionDate "2010.11.26"]
[SourceQuality "1"]

1. c4 c6 2. d4 d5 3. Nf3 Nf6 4. Nc3 dxc4 5. e3 b5 6. g3 Bb7 7. Bg2 Nbd7 8. 0-0 e6 9. Qc2 Be7 10. e4 b4 11. e5 Nd5 12. Ne4 N7b6 13. Bg5 0-0 14. Bxe7 Qxe7 15. Neg5 f5 16. exf6 gxf6 17. Ne4 Rae8 18. Rfe1 Bc8 19. Nfd2 c3 20. bxc3 bxc3 21. Nxc3 Qb4 22. Nce4 Qxd4 23. Nb3 Qa4 24. Nd6 Re7 25. Re4 Qa3 26. Nxc8 Rxc8 27. Qe2 Qd6 28. Nd4 f5 29. Rxe6 Rxe6 30. Qxe6+ Qxe6 31. Nxe6 c5 32. Rc1 c4 33. Nd4 Ne7 34. Nb5 1/2-1/2